000 00455nam a2200157Ia 4500
008 240729s9999 xx 000 0 und d
022 _a2522-4417
245 0 _aEnvironmental Problems
260 _aUkraine
260 _bLviv Polytechnic National University
650 _a Environmental sciences
650 _aGeography. Anthropology. Recreation
856 _uhttps://doaj.org/toc/3cb9028274674734bb15580cbebd0f81
942 _2ddc
942 _cDOAJEJ
999 _c70086
_d70086
945 _a1
_bMadushi Gamage
_c1
_dMadushi Gamage